| 000 | 00795nam a2200205 a 4500 | ||
|---|---|---|---|
| 001 | 000024033 | ||
| 005 | 20250205122719.0 | ||
| 008 | 110118s2010 dr 000 0 spa d | ||
| 020 | _a9789945423204 | ||
| 040 |
_aDO-SdBNP _bspa _cBNPHU |
||
| 082 |
_axxx _bA185c |
||
| 100 | 1 |
_aAcosta de los Santos, Hermógenes _949375 |
|
| 245 | 1 | 3 |
_aEl control de constitucionalidad como garantía de la supremacía de la constitución / _cHermógenes Acosta de los Santos ; prólogo César Pina Toribio. |
| 260 |
_aSanto Domingo : _bUniversidad APEC, _c2010. |
||
| 300 |
_a391 p. ; _c23 cm. |
||
| 500 | _aIncluye datos biográficos del autor en las solapas | ||
| 500 | _aIncluye referencias bibliográficas y notas al pie de las páginas | ||
| 700 | 1 |
_aPina Toribio, César _epról. _916867 |
|
| 049 | _aBNPD | ||
| 999 |
_c23528 _d23528 |
||